Thomas célèbres - Statistiques

Statistiques générales
  • Ce quiz a été pris 346 fois
  • Le résultat moyen est 5 sur 10
Statistiques - réponses
Descriptif Réponse % Correct
Spationaute qui est le premier français commandant de l'ISS. Il est resté plus de 400 jours dans l'espace. Pesquet
97%
Scientifique et homme d'affaires états-unien ayant inventé le phonographe, la lampe à incandescence et la caméra, il sera un pionnier de l'électricité et le fondateur du groupe General Electric. Edison
90%
Musicien et chanteur français, fils de Françoise Hardy et d'un certain Jacques. Dutronc
78%
Principal rédacteur de la Déclaration d'Indépendance des États-Unis, il sera par la suite le troisième président de ce pays. Jefferson
72%
Humoriste, acteur et réalisateur français s'étant fait connaître grâce au Jamel Comedy Club et à son duo avec Fabrice Éboué. Ngijol
54%
Ce religieux italien, Docteur "angélique" de l'Église, est considéré comme l'un des principaux maîtres de la philosophie scolastique et de la théologie catholique. d'Aquin
50%
Ce président burkinabé sera assassiné en 1987. Surnommé le "Che Guevara africain", cet écologiste et féministe aura réussi à éradiquer la faim de son pays. Sankara
30%
Philosophe anglais auteur de Léviathan, ouvrage posant les bases de l'état de nature, du contrat social, du libéralisme et du réalisme. Hobbes
26%
Cet écrivain allemand, prix Nobel de littérature en 1929, est l'auteur de La Montagne magique. Mann
26%
Érudit anglais et saint catholique ayant écrit l'Utopie, éponyme du même nom commun ainsi que du même genre artistique. More
24%
Aucun quiz correspondant
Distribution des résultats
% des personnes avec chaque résultat
Percentile par nombre de réponses
Votre historique - résultats
Vous n’avez pas pris ce quiz